Land supplement (Record no. 76934)
[ view plain ]
| 000 -LEADER | |
|---|---|
| fixed length control field | 00880cab a2200205 4500 |
| 001 - CONTROL NUMBER | |
| control field | ##L133325 |
| 008 - FIXED-LENGTH DATA ELEMENTS--GENERAL INFORMATION | |
| fixed length control field | 060502n2006 000 0 eng u |
| 035 ## - SYSTEM CONTROL NUMBER | |
| System control number | (Sirsi) u133325 |
| 041 0# - LANGUAGE CODE | |
| Language code of text/sound track or separate title | eng |
| 100 1# - MAIN ENTRY--PERSONAL NAME | |
| Personal name | Shirley, Andrew |
| 245 00 - TITLE STATEMENT | |
| Title | Land supplement |
| 260 ## - PUBLICATION, DISTRIBUTION, ETC. | |
| Date of publication, distribution, etc. | 2006 |
| 490 #0 - SERIES STATEMENT | |
| Series statement | Farmers' Weekly |
| Volume/sequential designation | 144(15) 14 April 2006, (9) |
| 520 ## - SUMMARY, ETC. | |
| Summary, etc. | Provides guidance on selling agricultural property. Covers knowing your farm's real worth, top tips for farm sales and farm valuation including online valuation advice. Reports on identifying the potential of farm property before selling and why farmland is still attracting a diverse range of buyers. Includes "Farmers' Weekly" land agent directory. Tables. |
| 590 ## - LOCAL NOTE (RLIN) | |
| Local note | IKA090506 |
| 690 ## - LOCAL SUBJECT ADDED ENTRY--TOPICAL TERM (OCLC, RLIN) | |
| Topical term or geographic name as entry element | PROPERTY-RURAL AND NATURAL ASSETS-AGRICULTURAL PROPERTY |
| 700 1# - ADDED ENTRY--PERSONAL NAME | |
| Personal name | Price, Natalie |
| 700 1# - ADDED ENTRY--PERSONAL NAME | |
| Personal name | St John, Harry |
| 942 ## - ADDED ENTRY ELEMENTS (KOHA) | |
| Suppress in OPAC | 0 |
| Withdrawn status | Lost status | Source of classification or shelving scheme | Damaged status | Not for loan | Home library | Current library | Shelving location | Date acquired | Total Checkouts | Full call number | Barcode | Date last seen | Copy number | Price effective from | Koha item type |
|---|---|---|---|---|---|---|---|---|---|---|---|---|---|---|---|
| Dewey Decimal Classification | London | London | Journal article | 02/05/2006 | L133325 | 133325-1001 | 06/08/2019 | 1 | 06/08/2019 | Journal article |